000 00897nam a2200229 i 4500
005 20160220135227.0
008 140307s1991 ck ||||| |||| 00| 0 spa d
040 _aCO-BoIAVH
_cCO-BoIAVH
041 _aspa
044 _ack
082 0 4 _a333.783
_bF36g
100 1 _aFernández Corrales, Pilar
245 1 0 _aGuía botánica básica del parque natural de la sierra de Hornachuelos /
_cpor Pilar Fernández Corrales & Eugenio Domínguez Vilches.
260 _aCórdoba :
_bConsejería de Medio Ambiente - Junta de Andalucía,
_c1991.
300 _a57 páginas
_c21 cm.
650 1 6 _aParques natural
_zEspaña
_vGuías.
650 2 6 _aIdentificación de especies
_vGuías.
_zEspaña
650 2 6 _aPlantas
_xIdentificación
_vGuías.
_zEspaña
650 _aÁreas protegidas
_zEspaña
700 1 _aDomínguez Vilches, Eugenio,
_eautor.
942 _cLIBRO
_2ddc
999 _c2870
_d2870